000 02027cam a22002054a 4500
005 20250605164230.0
008 250528s ||||||||||||||||||||||||d
035 _a20934
020 _a9789605831943
040 _aGR-AtMCL
_bgre
_dGR-AtMCL
_eAACR2
245 1 _aΈχω Κώφωση / Περιλαμβάνει: Δραστηριότητες, Οδηγό για τους Γονείς
260 _bΕκδόσεις Παρισιάνου,
_c2016
300 _a36
520 _aΗ Λιάνα είναι 10 ετών και είναι κωφή. Σε αυτή την ιστορία, η Λιάνα εξηγεί το πώς είναι να έχεις κώφωση και μιλά για ορισμένα αντικείμενα που χρησιμοποιεί και τη βοηθούν να μαθαίνει στο σχολείο και να επικοινωνεί με τους άλλους. Μια μέρα στο σχολείο, παρατηρεί ότι πολλά παιδιά που έχουν κανονική ακοή παρακολουθούν εκείνη και τους βαρήκοους φίλους της ενώ χρησιμοποιού την νοηματική γλώσσα. Εκείνη τη στιγμή, η Λιάνα έχει μια καταπληκτική ιδέα. Μπορεί η ιδέα της να γεφυρώσει το χάσμα ανάμεσα στον κόσμο των ανθρώπων που ακούν και στον κόσμο των ανθρώπων που δεν ακούν; Η ελικρίνεια και η ευαισθησία της Λιάνας όχι μόνο θα σας διδάξει πράγματα για τον κόσμο της σιωπής, αλλά παράλληλα θα σας διαφωτίσει με τον ενθουσιασμό της και τη λαχτάρα της να προσεγγίσει τους άλλους.
700 1 _aMoore-Mallinos Jennifer
_96920
700 1 _aΛαζαράτου Ελένη
_96921
942 _cBK
999 _c6011
_d6011